Statistics for Random Objects by Wikipedia Definition #1

Click here to take the quiz!

General Stats

  • This quiz has been taken 118 times
  • The average score is 11 of 15

Answer Stats

DefinitionObject% Correct
An electric small appliance designed to expose various types of sliced bread to radiant heatToaster
98%
A musical four-string instrument, generally played with a bow or by plucking the stringViolin
89%
A form of bicycle designed to be ridden by more than one person.Tandem bicycle
86%
A type of bed in which one bed frame is stacked on top of anotherBunk bed
83%
A bounded table on which cue sports are playedPool table
83%
In golf, the implement used to hit a golf ballGolf club
82%
A vessel used for steeping tea leaves or a herbal mix in boiling or near-boiling water, and for serving the resulting infusionTeapot
78%
An item of clothing often made from cotton or another absorbent material, in the form of a long open robe; often worn over pyjamas.Dressing gown
77%
A filled bathtub with a layer of surfactant foam on the surface of the waterBubble bath
73%
A physical structure or area where an attacking team must send the ball or puck in order to score pointsGoal
73%
An acoustic, stringed musical instrument, in which the strings are struck by hammersPiano
72%
A collection of percussion instruments, which are set up on stands to be played by a single playerDrum kit
71%
A type of bedding consisting of a soft flat bag filled with down, feathers, wool, silk or a synthetic alternative, and typically protected with a removable coverDuvet
56%
A jacket-length coat that is usually worn on top of other apparel or item of clothing, and made from the tanned hide of various animalsLeather jacket
56%
A device consisting of a piece of taut, strong fabric stretched between a steel frame using many coiled springsTrampoline
51%

Score Distribution

Percentile by Number Answered

Percent of People with Each Score

Your Score History

You have not taken this quiz